000 00461nam a2200157Ia 4500
999 _c20029
_d20029
003 OSt
005 20231211115753.0
008 190216s9999||||xx |||||||||||||| ||und||
040 _coclc
082 _a954.83
_bMEN/A
100 1 _aSreedhara Menon, A.
_910096
245 0 _aAadhunika Keralam /
_cA Sreedhara Menon
260 _bNational Book Stall,
_c1988.
_aTrivandrum:
300 _a182p
942 _cBK
_2ddc
_h954.83
_iMEN/A
_k954.83
_mMEN/A